000 00546nam a2200217Ia 4500
003 OSt
005 20220924153649.0
006 a|||||r|||| 00| 0
007 ta
008 220923b |||||||| |||| 00| 0 urd d
024 _a351160
037 _cTextual
040 _aARTS
_cARTS
_burd
041 _2urd
_aurd
082 _aO168, P0
100 _aAshrafi Wahab Au.
245 0 _aQutub Mushtari aur us ka tanqeedi jaizah
260 _c2000
942 _hO168, P0
_cTEXL
_2CC
999 _c474391
_d474391